Statistiques concernant Scientifiques par lettre - M

Cliquez ici pour prendre le quiz!

Statistiques générales

  • Ce quiz a été pris 64 fois
  • Le résultat moyen est 4 sur 10

Statistiques - réponses

IndiceRéponse% Correct
A l'origine du tableau périodiqueDmitri Mendeleïev
89%
Les équations de l'électromagnétisme portent son nomJames Maxwell
59%
Inventeur d'un langage à base de ti et de taSamuel Morse
49%
(cos(x) + i sin(x))^n = cos(nx) + i sin(nx)Abraham de Moivre
30%
Il a donné son nom à un nombre en aérodynamique : vitesse du corps / vitesse du sonErnst Mach
30%
La projection usuelle du planisphère porte son nomGérard Mercator
30%
Considéré comme le fondateur de la théorie des processus stochastiques, des chaînes portent son nomAndreï Markov
26%
Son ensemble est une fractaleBenoît Mandelbrot
16%
Inventeur d'un appareil optique éponymeAlbert A. Michelson
15%
Co-fondateur d'intel et à l'origine de la loi qui prédit le doublement du nombre de transistors sur une puce de microprocesseur tous les deux ansGordon Earle Moore
10%

Distribution des résultats

Percentile par nombre de réponses

% des personnes avec chaque résultat

Votre développement - résultats

Vous n’avez pas pris ce quiz